000 00611nam a2200181 i 4500
001 24019
003 ES-MaACL
005 20230906152955.0
007 t|
008 021213s1970 sp ||||1| spa d
100 1 _aAndreas, Peter.
_921551
245 1 0 _aLo que nadie quiere creer
_b: aventuras en busca de la naturaleza del hombre /
_cpor Peter Andreas y Gordon Adams ; [versión de: Cristina Majem].
260 _aBarcelona :
_bAura,
_c[1970]
300 _a206 p., 4 lám. :
_bil. ;
_c22 cm.
700 1 _aAdams, Gordon.
_918386
700 1 _aMajem, Cristina.
_975647
852 _aES-MaACL
_jC-38676
_bR.74460
999 _c24019
_d24019